000 00186 a2200097 4500
001 12215
100 _aTarar,M.H
245 _aRaakh
260 _a
_bSang-e-Meel
_c
090 _c9432
_d9432
942 _aNUST-CAE
_cM
_c36303
999 _c247288
_d247288